000
00279nam a22001337a 4500
008
171027b xxu||||| |||| 00| 0 eng d
020
_a
9781490295398
041
_a
eng
080
_a
336
100
_a
56
101
_a
FIN
245
_a
FACTS 101
_c
KEOWN, A.J
942
_2
udc
_c
BK
999
_c
36273
_d
36273